[Event "18th CRO-chT(w)"]
[Site "Sibenik CRO"]
[Date "2009.09.27"]
[Round "7.13"]
[White "Mihajlovic, Sladjana"]
[Black "Kruljac, Nina"]
[Result "0-1"]
[WhiteElo "1779"]
[BlackElo "2103"]
[PlyCount "90"]
[EventDate "2009.09.21"]
[EventType "team"]
[EventRounds "9"]
[EventCountry "CRO"]

1. c4 e5 2. Nc3 Nc6 3. g3 g6 4. Bg2 Bg7 5. e3 d6 6. a3 a5 7. Qa4 Bd7 8. Nb5 f5
9. d3 Nf6 10. Ne2 O-O 11. Nec3 Kh8 12. Bd2 Bh6 13. O-O Rf7 14. Rac1 Be6 15. Qb3
Nd7 16. Na4 Nf6 17. Nac3 g5 18. f4 gxf4 19. exf4 Nh5 20. Ne2 Bg7 21. Bc3 a4 22.
Qd1 Nf6 23. Bd2 Nd7 24. fxe5 dxe5 25. Be3 Nb6 26. Bxb6 cxb6 27. Nec3 Nd4 28.
Nxd4 Qxd4+ 29. Kh1 Rd8 30. Qxa4 f4 31. gxf4 exf4 32. Rce1 Bf5 33. Re8+ Rxe8 34.
Qxe8+ Rf8 35. Qh5 Bxd3 36. Rd1 Qxc4 37. Bd5 Qa6 38. Qf3 Bg6 39. Bxb7 Qa5 40.
Rd5 Qa7 41. Rb5 Be8 42. Rb4 Bh5 43. Qd5 f3 44. Ra4 f2 45. Ba6 Qxa6 0-1

[Event "18th CRO-chT(w)"]
[Site "Sibenik CRO"]
[Date "2009.09.27"]
[Round "7.41"]
[White "Repkova, Eva"]
[Black "Muzychuk, Mariya"]
[Result "1/2-1/2"]
[WhiteElo "2439"]
[BlackElo "2443"]
[PlyCount "33"]
[EventDate "2009.09.21"]
[EventType "team"]
[EventRounds "9"]
[EventCountry "CRO"]

1. e4 c5 2. Nf3 e6 3. b3 a6 4. Bb2 Nc6 5. Be2 d5 6. exd5 exd5 7. d4 Nf6 8. O-O
Be7 9. Nbd2 O-O 10. a3 Bg4 11. Re1 Re8 12. Nf1 Bxf3 13. Bxf3 Nxd4 14. Bxd4 cxd4
15. Qxd4 Rc8 16. Qd3 Bc5 17. b4 1/2-1/2

[Event "18th CRO-chT(w)"]
[Site "Sibenik CRO"]
[Date "2009.09.27"]
[Round "7.42"]
[White "Medic, Mirjana"]
[Black "Jelica, Mara"]
[Result "0-1"]
[WhiteElo "2322"]
[BlackElo "2242"]
[PlyCount "104"]
[EventDate "2009.09.21"]
[EventType "team"]
[EventRounds "9"]
[EventCountry "CRO"]

1. d4 Nf6 2. c4 e6 3. Nc3 Bb4 4. e3 O-O 5. Bd3 d6 6. Nge2 e5 7. O-O Nc6 8. d5
Ne7 9. Qc2 Ng6 10. Ng3 Bxc3 11. Qxc3 Bd7 12. f4 exf4 13. exf4 c6 14. Bxg6 fxg6
15. dxc6 Bxc6 16. Be3 Ng4 17. Bd4 Re8 18. h3 Nf6 19. Rae1 Rxe1 20. Rxe1 Qf8 21.
Bxf6 gxf6 22. Re6 f5 23. Qd4 Rd8 24. h4 Qf7 25. Re3 Re8 26. Rxe8+ Qxe8 27. Kf2
Qe6 28. h5 Kf7 29. hxg6+ hxg6 30. Ne2 Bxg2 31. b3 a6 32. Qh8 Bc6 33. Qh7+ Kf8
34. Qh8+ Ke7 35. Qh4+ Qf6 36. Qh7+ Kd8 37. Qg8+ Kc7 38. Qh7+ Kb6 39. Qh3 Qe6
40. Qd3 Kc7 41. Qd4 Qe7 42. Qh8 g5 43. fxg5 Qxg5 44. Qd4 Qg2+ 45. Ke1 Qe4 46.
Qd2 Qh4+ 47. Kf1 Bf3 48. Ng1 Be4 49. Ne2 Qh3+ 50. Ke1 Qh1+ 51. Kf2 Qf3+ 52. Ke1
Bd3 0-1

[Event "18th CRO-chT(w)"]
[Site "Sibenik CRO"]
[Date "2009.09.27"]
[Round "7.43"]
[White "Djeno, Snjezana"]
[Black "Solic, Kristina"]
[Result "1-0"]
[WhiteElo "2022"]
[BlackElo "2193"]
[PlyCount "101"]
[EventDate "2009.09.21"]
[EventType "team"]
[EventRounds "9"]
[EventCountry "CRO"]

1. e4 d5 2. exd5 Qxd5 3. Nc3 Qa5 4. d4 Nf6 5. Nf3 Bf5 6. Bc4 c6 7. Bd2 e6 8.
Qe2 Bb4 9. a3 Nbd7 10. O-O Bxc3 11. Bxc3 Qc7 12. Rfe1 O-O 13. Rad1 Nd5 14. Bb4
Rfe8 15. Rc1 Nf4 16. Qe3 Nf6 17. Ne5 N4d5 18. Qf3 Qb6 19. Bc3 Rad8 20. Bxd5
Nxd5 21. Nc4 Qb5 22. Nd2 Nxc3 23. Qxc3 Qd5 24. Nb3 Qd6 25. Qg3 h6 26. Qxd6 Rxd6
27. c3 b6 28. Re5 Red8 29. h3 a5 30. a4 f6 31. Re2 Bd3 32. Re3 Bg6 33. c4 e5
34. c5 exd4 35. Rg3 bxc5 36. Rxg6 Rb8 37. Nxc5 Rxb2 38. Rg3 Rb4 39. Ra3 Kf7 40.
Kf1 Rb2 41. Nd3 Rb8 42. Rc5 Re6 43. Ra1 Rb3 44. Rd1 Ra3 45. Rxa5 Ra2 46. Re1
Rxe1+ 47. Kxe1 Ke6 48. Kd1 Kd6 49. Kc1 c5 50. Nxc5 Rxf2 51. Ne4+ 1-0

[Event "18th CRO-chT(w)"]
[Site "Sibenik CRO"]
[Date "2009.09.27"]
[Round "7.51"]
[White "Racki, Barbara"]
[Black "Collas, Silvia"]
[Result "0-1"]
[WhiteElo "1690"]
[BlackElo "2319"]
[PlyCount "52"]
[EventDate "2009.09.21"]
[EventType "team"]
[EventRounds "9"]
[EventCountry "CRO"]

1. e4 c5 2. Nf3 e6 3. c3 Nf6 4. e5 Nd5 5. d4 b6 6. Bd3 cxd4 7. cxd4 Be7 8. Nc3
Nxc3 9. bxc3 Bb7 10. O-O O-O 11. Bd2 h6 12. Re1 d6 13. exd6 Bxd6 14. Ne5 Nd7
15. Re3 Nxe5 16. dxe5 Bxe5 17. Rh3 Qd5 18. Qf1 Rfd8 19. Re1 Qd6 20. Kh1 Bf4 21.
Bxf4 Qxf4 22. Qe2 Rd6 23. Rd1 Rad8 24. Qc2 Kf8 25. Re3 Bc6 26. Kg1 Ba4 0-1

[Event "18th CRO-chT(w)"]
[Site "Sibenik CRO"]
[Date "2009.09.27"]
[Round "7.52"]
[White "Macek, Vlasta"]
[Black "Krivec, Jana"]
[Result "1/2-1/2"]
[WhiteElo "2220"]
[BlackElo "2329"]
[PlyCount "38"]
[EventDate "2009.09.21"]
[EventType "team"]
[EventRounds "9"]
[EventCountry "CRO"]

1. d4 Nf6 2. Nf3 g6 3. g3 Bg7 4. Bg2 O-O 5. O-O d5 6. c4 c6 7. Nbd2 Ne4 8. e3
Nxd2 9. Nxd2 dxc4 10. Nxc4 Be6 11. Qc2 Bd5 12. Rd1 Bxg2 13. Kxg2 Nd7 14. b3 b5
15. Ne5 Nxe5 16. dxe5 Qc7 17. Bb2 Rac8 18. Qc5 Rfd8 19. Rxd8+ Qxd8 1/2-1/2

[Event "18th CRO-chT(w)"]
[Site "Sibenik CRO"]
[Date "2009.09.27"]
[Round "7.53"]
[White "Tomulic, Vesna"]
[Black "Purgar, Ivona"]
[Result "1/2-1/2"]
[WhiteElo "1917"]
[BlackElo "2093"]
[PlyCount "50"]
[EventDate "2009.09.21"]
[EventType "team"]
[EventRounds "9"]
[EventCountry "CRO"]

1. e4 c5 2. Nc3 d6 3. Nf3 Nf6 4. d4 cxd4 5. Nxd4 a6 6. a4 e6 7. Be2 Be7 8. O-O
O-O 9. a5 Nbd7 10. Be3 Nc5 11. f3 Qc7 12. b4 e5 13. bxc5 exd4 14. Bxd4 dxc5 15.
Bxf6 Bxf6 16. Nd5 Qc6 17. Nxf6+ Qxf6 18. Qd5 Qe7 19. Rfd1 Be6 20. Qd6 Qg5 21.
f4 Qh4 22. g3 Qf6 23. e5 Qf5 24. Bd3 Qh5 25. Be4 Bg4 1/2-1/2

[Event "18th CRO-chT(w)"]
[Site "Sibenik CRO"]
[Date "2009.09.28"]
[Round "8.21"]
[White "Muzychuk, Mariya"]
[Black "Racki, Barbara"]
[Result "1-0"]
[WhiteElo "2443"]
[BlackElo "1690"]
[PlyCount "79"]
[EventDate "2009.09.21"]
[EventType "team"]
[EventRounds "9"]
[EventCountry "CRO"]

1. e4 e5 2. Nf3 Nc6 3. d4 exd4 4. Nxd4 Bc5 5. Be3 Qf6 6. c3 Nge7 7. Bc4 Ne5 8.
Be2 Qg6 9. O-O O-O 10. Nd2 d6 11. Bh5 Qf6 12. f4 N5g6 13. g3 Nc6 14. N2b3 Bb6
15. Qd2 Qd8 16. a4 a6 17. a5 Ba7 18. Nxc6 Bxe3+ 19. Qxe3 bxc6 20. Nd2 Re8 21.
b4 Nf8 22. h4 Nd7 23. Bf3 Bb7 24. Rad1 Qe7 25. Rfe1 Qe6 26. Qe2 Qe7 27. Nb3
Rab8 28. Qd2 Qe6 29. Rb1 Qg6 30. Kf2 Qe6 31. g4 Qe7 32. Kg3 f6 33. g5 Qf7 34.
Nd4 c5 35. Nf5 cxb4 36. cxb4 d5 37. Bd1 fxg5 38. hxg5 Nf8 39. Bb3 c6 40. Nd6
1-0

[Event "18th CRO-chT(w)"]
[Site "Sibenik CRO"]
[Date "2009.09.28"]
[Round "8.22"]
[White "Tomulic, Vesna"]
[Black "Medic, Mirjana"]
[Result "0-1"]
[WhiteElo "1917"]
[BlackElo "2322"]
[PlyCount "72"]
[EventDate "2009.09.21"]
[EventType "team"]
[EventRounds "9"]
[EventCountry "CRO"]

1. e4 e6 2. d4 d5 3. Nd2 Nf6 4. e5 Nfd7 5. Bd3 c5 6. c3 Nc6 7. Ne2 cxd4 8. cxd4
a5 9. O-O Nb6 10. a3 a4 11. f4 g6 12. b4 axb3 13. Qxb3 Na5 14. Bb5+ Bd7 15.
Bxd7+ Nxd7 16. Qb5 Be7 17. Nb3 Nc4 18. Nc5 b6 19. Nxd7 Qxd7 20. Qxd7+ Kxd7 21.
Rf3 h5 22. Rb3 Ra6 23. Nc3 Rc8 24. Nb5 Na5 25. Rb2 Rc4 26. Kf2 Nc6 27. Ke3 Raa4
28. Rd2 Nb4 29. Ke2 Kc6 30. Nd6 Bxd6 31. exd6 Nc2 32. Rb1 Nxd4+ 33. Rxd4 Rxd4
34. Be3 Kxd6 35. Rxb6+ Ke7 36. Bxd4 Rxd4 0-1

[Event "18th CRO-chT(w)"]
[Site "Sibenik CRO"]
[Date "2009.09.28"]
[Round "8.32"]
[White "Jelica, Mara"]
[Black "Vujnovic, Patricija"]
[Result "1-0"]
[WhiteElo "2242"]
[BlackElo "1883"]
[PlyCount "80"]
[EventDate "2009.09.21"]
[EventType "team"]
[EventRounds "9"]
[EventCountry "CRO"]

1. e4 Nf6 2. e5 Nd5 3. d4 d6 4. Nf3 g6 5. Bc4 Nb6 6. Bb3 Bg7 7. Qe2 O-O 8. h3
d5 9. O-O Nc6 10. Bg5 h6 11. Bf4 Na5 12. Nbd2 a6 13. g4 Bd7 14. Qe3 g5 15. Bg3
f5 16. exf6 exf6 17. Rfe1 f5 18. gxf5 Bxf5 19. h4 g4 20. Ne5 Kh7 21. Qc3 Nxb3
22. Nxb3 Bxe5 23. dxe5 Qe7 24. Nc5 Nc4 25. Nd3 Be6 26. Nf4 Rxf4 27. Bxf4 Rf8
28. Qd3+ Kg7 29. Bg3 Rf3 30. Qe2 Qc5 31. Kh2 d4 32. b3 Nb6 33. Rad1 Nd5 34. Qe4
d3 35. Rd2 Nc3 36. Qxb7 Bd5 37. Qc8 Ne4 38. Qxg4+ Kh8 39. Rxe4 Bxe4 40. Qxe4
dxc2 1-0

[Event "18th CRO-chT(w)"]
[Site "Sibenik CRO"]
[Date "2009.09.28"]
[Round "8.33"]
[White "Grguric, Daria"]
[Black "Djeno, Snjezana"]
[Result "1/2-1/2"]
[WhiteElo "1879"]
[BlackElo "2022"]
[PlyCount "58"]
[EventDate "2009.09.21"]
[EventType "team"]
[EventRounds "9"]
[EventCountry "CRO"]

1. d4 Nf6 2. Nf3 g6 3. c4 Bg7 4. Nc3 d6 5. Bg5 O-O 6. e3 Nbd7 7. Be2 c6 8. Qc2
e5 9. O-O Qe7 10. Rfd1 h6 11. Bh4 g5 12. dxe5 dxe5 13. Bg3 Nh5 14. Nd2 Nxg3 15.
hxg3 f5 16. g4 fxg4 17. Bxg4 Nf6 18. Bxc8 Raxc8 19. Nde4 Ng4 20. Rd2 Qf7 21.
Ng3 Qxc4 22. Rad1 Qf7 23. b3 Rc7 24. Nce4 Qg6 25. Qc4+ Qf7 26. Qc2 Qg6 27. Qc4+
Kh8 28. Rd6 Qh7 29. Nxg5 hxg5 1/2-1/2

[Event "18th CRO-chT(w)"]
[Site "Sibenik CRO"]
[Date "2009.09.28"]
[Round "8.51"]
[White "Rozic, Vesna"]
[Black "Shadrina, Tatiana"]
[Result "1-0"]
[WhiteElo "2240"]
[BlackElo "2384"]
[PlyCount "77"]
[EventDate "2009.09.21"]
[EventType "team"]
[EventRounds "9"]
[EventCountry "CRO"]

1. d4 d5 2. Bf4 Nf6 3. e3 c5 4. c3 Nc6 5. Nd2 cxd4 6. exd4 Bf5 7. Ngf3 e6 8.
Be2 Bd6 9. Bg3 O-O 10. Bxd6 Qxd6 11. Nh4 Be4 12. O-O h6 13. Nxe4 dxe4 14. g3
Rad8 15. Qb3 Qc7 16. Rad1 Rfe8 17. Ng2 e5 18. d5 Na5 19. Qa4 b6 20. Ne3 Nb7 21.
c4 Nc5 22. Qc2 a5 23. b3 Rf8 24. a3 a4 25. b4 Nb3 26. Qb2 Ne8 27. f4 exf3 28.
Rxf3 f6 29. Nf5 Nd6 30. Nxd6 Qxd6 31. Re3 Rde8 32. Bd3 f5 33. Rde1 Nd4 34. Qxd4
exd4 35. Rxe8 Rxe8 36. Rxe8+ Kf7 37. Re6 Qd8 38. Bxf5 Qg5 39. Bg6+ 1-0